Operación Damocles /

Đã lưu trong:
Chi tiết về thư mục
Tác giả chính: Jánicas, Simón (Tác giả)
Định dạng: Điện tử eBook
Ngôn ngữ:Tiếng Tây Ban Nha
Được phát hành: Bogotá, Colombia : Editorial Oveja Negra, [2022]
Những chủ đề:
Truy cập trực tuyến:Digitalia Hispánica
Các nhãn: Thêm thẻ
Không có thẻ, Là người đầu tiên thẻ bản ghi này!

MARC

LEADER 00000nam a2200000 i 4500
001 DIGOVENEG460
003 NyNyDIG
007 cr |||||||||||
008 230622s2022 ck o 000 f spa d
006 m o d
035 |a (OCoLC)1385373448 
040 |a DGITA  |b eng  |e rda  |e pn  |c DGITA 
020 |z 9789580614746 
050 1 4 |a PQ8180.42.A65 ebook 
100 1 |a Jánicas, Simón,  |e author. 
245 1 0 |a Operación Damocles /  |c Simón Jánicas. 
264 1 |a Bogotá, Colombia :  |b Editorial Oveja Negra,  |c [2022] 
300 |a 1 online resource. 
336 |a text  |b txt  |2 rdacontent 
337 |a computer  |b c  |2 rdamedia 
338 |a online resource  |b cr  |2 rdacarrier 
347 |a text file  |2 rdaft 
347 |b PDF 
588 0 |a Online resource; title from PDF title page (Digitalia, viewed June 22, 2023) 
655 7 |a Novels.  |2 lcgft 
791 2 |a Digitalia (Firm),  |e distributor. 
793 0 |g Digitalia eBook Collection:  |a Editorial Oveja Negra 
776 0 8 |i Print version:  |a Jánicas, Simón.  |t Operación Damocles.  |b 1a edición.  |d Bogotá, Colombia : Editorial Oveja Negra, [2022]  |z 9789580614746 
856 4 0 |3 Digitalia Hispánica  |u https://digitalia.unach.elogim.com/a/124788/ 
910 |a Premium collection: 2023